| 000 | 01044nam a2200301 a 4500 | ||
|---|---|---|---|
| 001 | 000022233 | ||
| 005 | 20260417092137.0 | ||
| 008 | 100920s1995 mx 000 0 spa d | ||
| 020 | _a9681646002 | ||
| 040 |
_aDO-SdBNP _bspa _cBNPHU |
||
| 041 | 1 | 7 |
_aspa _heng _2Código de idiomas MARC |
| 082 |
_a320.51 _bR261p |
||
| 100 | 1 |
_aRawls, John. _945972 |
|
| 240 | 1 | 0 |
_aPolitical liberalism. _lEspañol |
| 245 | 1 | 0 |
_aLiberalismo político / _cJohn Rawls ; traducción Sergio René Modero Báez. |
| 260 |
_aMéxico, D. F. : _bFondo de Cultura Económica, _c1995. |
||
| 300 |
_a359 p. ; _c23 cm. |
||
| 490 | 1 | _aObras de Política y Derecho | |
| 500 | _aPrimera reimpresión de la primera edición en español del año 1995 | ||
| 534 |
_aTítulo original : _tPolitical liberalism |
||
| 650 | 0 |
_aLiberalismo _95271 |
|
| 650 | 4 |
_aFormas de gobierno _92772 |
|
| 650 | 0 |
_aLibertad _931851 |
|
| 650 | 4 |
_aNeoliberalismo _91531 |
|
| 700 | 1 |
_aModero Báez, Sergio René, _etr. _945973 |
|
| 830 | 0 |
_aObras de Política y Derecho _945974 |
|
| 049 | _aBNGR | ||
| 999 |
_c21731 _d21731 |
||